| Tag |
First Indicator |
Second Indicator |
Subfields |
| LEADER |
00000pam a2200000 a 4500 |
| 001 |
in00000090101 |
| 005 |
20151222131054.0 |
| 008 |
810911s1982 enk b 00100 eng |
| 010 |
|
|
|a 81014930
|
| 020 |
|
|
|a 0389202347 (Barnes & Noble Books)
|
| 035 |
|
|
|a (OCoLC)07836461
|
| 035 |
|
|
|9 AAK6185AM
|
| 039 |
0 |
|
|a 2
|b 3
|c 3
|d 3
|e 3
|
| 040 |
|
|
|a DLC
|c DLC
|d TXA
|d UtOrBLW
|
| 043 |
|
|
|a e-ie---
|
| 049 |
|
|
|a TXAM
|c [1362627]
|
| 050 |
0 |
0 |
|a PR8705
|b L58 1982
|
| 082 |
0 |
|
|a 820/.9/941
|2 19
|
| 245 |
0 |
0 |
|a Literature and the changing Ireland /
|c edited by Peter Connolly.
|
| 264 |
|
1 |
|a Gerrards Cross [Buckinghamshire] :
|b Colin Smythe ;
|a Totowa, N.J. :
|b Barnes & Noble Books,
|c 1982.
|
| 300 |
|
|
|a viii, 230 pages ;
|c 22 cm.
|
| 336 |
|
|
|a text
|b txt
|2 rdacontent
|
| 337 |
|
|
|a unmediated
|b n
|2 rdamedia
|
| 338 |
|
|
|a volume
|b nc
|2 rdacarrier
|
| 490 |
1 |
|
|a Irish literary studies,
|v 9
|
| 504 |
|
|
|a Includes bibliographical references and index.
|
| 650 |
|
0 |
|a English literature
|x Irish authors
|x History and criticism.
|
| 650 |
|
0 |
|a Ireland in literature.
|
| 650 |
|
0 |
|a Literature and society
|z Ireland.
|
| 700 |
1 |
|
|a Connolly, Peter,
|d 1927-1987.
|
| 830 |
|
0 |
|a Irish literary studies ;
|v 9.
|
| 999 |
|
|
|a MARS
|
| 999 |
f |
f |
|s eaa43846-11ad-3171-b9fa-bb8bade1660c
|i 505b5b6c-9f5d-3b33-a910-6e7e40b226e7
|t 0
|
| 952 |
f |
f |
|p normal
|a Texas A&M University
|b College Station
|c Sterling C. Evans Library
|d Evans: Library Stacks
|t 0
|e PR8705 L58 1982
|h Library of Congress classification
|i unmediated -- volume
|m A14806002099
|
| 998 |
f |
f |
|a PR8705 L58 1982
|t 0
|l Evans: Library Stacks
|